000 01093nam a2200241Ia 4500
999 _c50835
_d50835
001 17789
003 GE_BSU
005 20200224142443.0
008 181216s1976en xx |||||||||||||| ||eng||
040 _cGE_BSU
080 _a353.03(73)
245 _aPublic papers of the presidents of the United States Herbert Hoover
245 _bContaining the Public Message, Speeches, and Statements of the President. January 1 to december 31,1931
260 _aWashington
260 _bUnited States government printing office
260 _c1976
300 _a868p.26cm.
653 _aContaining the Public Message, Speeches, and Statements of the President. January i to december
653 _aPublic papers of the presidents of the United States
653 _aსახელმწიფო ადმინისტრაციული მმართველობა
653 _aშეერთებული შტატების პრეზიდენტების ჰერბერტ ჰუვერის საჯარო ფურცლები.
942 _cBK
_2udc